Дело о службе и [об увольнении в отпуск] члена Государственного совета графа Федора Васильевича Растопчина

Доступно только в Электронных читальных залах Найти на картеНа карте
RUSMARC
00003708nmc2a22000003x 450
001fdada07c-217b-49ef-bbd2-f4e28ff6814c
00520190222123252.0
100##$a20170918l18141823k l0rusy0189 ca
1010#$arus
102##$aRU
2001#$aДело о службе и [об увольнении в отпуск] члена Государственного совета графа Федора Васильевича Растопчина
$j30 августа 1814 г. - 18 декабря 1823 г.
251##$cДело
300##$aДело
801#0$aRU
$bРГИА
$c20170918
$gRCR
801#1$aRU
$bГлавНИВЦ
$c20170918
$2rusmarc
801#2$aRU
$bПБ им. Б.Н. Ельцина
$c20190222
$gRCR
$2rusmarc
850##$aРГИА
852##$aРГИА
$eФедеральное казенное учреждение "Российский государственный исторический архив" (РГИА)
$j441
937##$hРГИА
$d12269787
$aASBIBLIO_SCAN
462#0$100184dc0777-8539-4146-baa0-e467fb9946e7
$12001
$aЛичные дела членов Государственного совета по назначению и по выборам
$1251
$cОпись
$1852
$j6
461#0$10014f646d5e-4fbe-4f67-8c12-ae6847c1257a
$12001
$aГосударственная канцелярия Государственного совета
$1251
$cФонд
$1852
$j1162
215##$a8 л.
$d36,5х26 см
371##$aДокумент не является опубликованным и широко распространяемым
105##$ay###
1222#$ad
035##$afdada07c-217b-49ef-bbd2-f4e28ff6814c
856##$uhttp://readingroom.main.prlib.ru/item.aspx?id_node=n125937843&mode=full
Формат отображения